| 000 -LEADER |
| fixed length control field |
00347nam a22001457a 4500 |
| 003 - CONTROL NUMBER IDENTIFIER |
| control field |
OSt |
| 005 - DATE AND TIME OF LATEST TRANSACTION |
| control field |
20200615112924.0 |
| 008 - FIXED-LENGTH DATA ELEMENTS--GENERAL INFORMATION |
| fixed length control field |
200615b ||||| |||| 00| 0 eng d |
| 020 ## - INTERNATIONAL STANDARD BOOK NUMBER |
| International Standard Book Number |
9788193232965 |
| 082 ## - DEWEY DECIMAL CLASSIFICATION NUMBER |
| Classification number |
720.92 |
| Item number |
ABI |
| 100 ## - MAIN ENTRY--PERSONAL NAME |
| Dates associated with a name |
Abin Design Studio |
| 245 ## - TITLE STATEMENT |
| Title |
Hand and mind |
| 260 ## - PUBLICATION, DISTRIBUTION, ETC. (IMPRINT) |
| Place of publication, distribution, etc |
Kolkata |
| Name of publisher, distributor, etc |
Abin Design Studio |
| Date of publication, distribution, etc |
2018 |
| 942 ## - ADDED ENTRY ELEMENTS (KOHA) |
| Source of classification or shelving scheme |
|